119th United States Congress: House of Representatives - Statistics

General Stats
  • This quiz has been taken 2,536 times
    7 since last reset
  • The average score is 211 of 430
Answer Stats
State District Political Party Congressman/Congresswoman % Correct
New York 14 Democratic Alexandria Ocasio-Cortez
100%
South Dakota At-large Republican Dusty Johnson
100%
Georgia 4 Democratic Hank Johnson
100%
Texas 32 Democratic Julie Johnson
100%
Louisiana 4 Republican Mike Johnson
100%
Washington 9 Democratic Adam Smith
83%
Nebraska 3 Republican Adrian Smith
83%
Georgia 8 Republican Austin Scott
83%
Virginia 3 Democratic Bobby Scott
83%
New Jersey 4 Republican Chris Smith
83%
Wisconsin 3 Republican Derrick Van Orden
83%
New York 8 Democratic Hakeem Jeffries
83%
Wyoming At-large Republican Harriet Hageman
83%
Minnesota 5 Democratic Ilhan Omar
83%
Florida 23 Democratic Jared Moskowitz
83%
Missouri 8 Republican Jason Smith
83%
Ohio 4 Republican Jim Jordan
83%
California 43 Democratic Maxine Waters
83%
South Carolina 1 Republican Nancy Mace
83%
California 11 Democratic Nancy Pelosi
83%
Minnesota 6 Republican Tom Emmer
83%
Texas 9 Democratic Al Green
67%
Massachusetts 7 Democratic Ayanna Pressley
67%
Virginia 6 Republican Ben Cline
67%
Mississippi 2 Democratic Bennie Thompson
67%
Pennsylvania 1 Republican Brian Fitzpatrick
67%
Georgia 3 Republican Brian Jack
67%
Georgia 1 Republican Buddy Carter
67%
Florida 19 Republican Byron Donalds
67%
Texas 12 Republican Craig Goldman
67%
New York 10 Democratic Dan Goldman
67%
Washington 4 Republican Dan Newhouse
67%
California 47 Democratic Dave Min
67%
Ohio 14 Republican David Joyce
67%
California 45 Democratic Derek Tran
67%
Nebraska 2 Republican Don Bacon
67%
Arizona 2 Republican Eli Crane
67%
Pennsylvania 15 Republican Glenn Thompson
67%
New York 6 Democratic Grace Meng
67%
Florida 17 Republican Greg Steube
67%
New Jersey 3 Democratic Herb Conaway
67%
Massachusetts 4 Democratic Jake Auchincloss
67%
New Jersey 2 Republican Jeff Van Drew
67%
Virginia 2 Republican Jen Kiggans
67%
Texas 31 Republican John Carter
67%
Pennsylvania 13 Republican John Joyce
67%
Illinois 1 Democratic Jonathan Jackson
67%
New Jersey 5 Democratic Josh Gottheimer
67%
Massachusetts 5 Democratic Katherine Clark
67%
Colorado 4 Republican Lauren Boebert
67%
Pennsylvania 11 Republican Lloyd Smucker
67%
Florida 10 Democratic Maxwell Frost
67%
California 4 Democratic Mike Thompson
67%
Virginia 9 Republican Morgan Griffith
67%
Alaska At-large Republican Nick Begich III
67%
New York 11 Republican Nicole Malliotakis
67%
Georgia 5 Democratic Nikema Williams
67%
California 33 Democratic Pete Aguilar
67%
Iowa 4 Republican Randy Feenstra
67%
Florida 6 Republican Randy Fine
67%
Michigan 12 Democratic Rashida Tlaib
67%
New Jersey 8 Democratic Rob Menendez
67%
Texas 25 Republican Roger Williams
67%
California 17 Democratic Ro Khanna
67%
Texas 13 Republican Ronny Jackson
67%
Montana 1 Republican Ryan Zinke
67%
Delaware At-large Democratic Sarah McBride
67%
Pennsylvania 10 Republican Scott Perry
67%
Ohio 11 Democratic Shontel Brown
67%
Louisiana 1 Republican Steve Scalise
67%
Virginia 10 Democratic Suhas Subramanyam
67%
Oklahoma 4 Republican Tom Cole
67%
New York 3 Democratic Tom Suozzi
67%
Louisiana 2 Democratic Troy Carter
67%
Texas 22 Republican Troy Nehls
67%
Texas 34 Democratic Vicente Gonzalez
67%
California 20 Republican Vince Fong
67%
Arizona 3 Democratic Yassamin Ansari
67%
California 40 Republican Young Kim
67%
Florida 4 Republican Aaron Bean
50%
Arizona 8 Republican Abraham Hamadeh
50%
Arizona 7 Democratic Adelita Grijalva
50%
New York 13 Democratic Adriano Espaillat
50%
North Carolina 12 Democratic Alma Adams
50%
California 6 Democratic Ami Bera
50%
Indiana 7 Democratic André Carson
50%
Georgia 9 Republican Andrew Clyde
50%
Kentucky 6 Republican Andy Barr
50%
Arizona 5 Republican Andy Biggs
50%
Maryland 1 Republican Andy Harris
50%
Minnesota 2 Democratic Angie Craig
50%
Maryland 6 Democratic April McClain-Delaney
50%
Iowa 2 Republican Ashley Hinson
50%
Texas 11 Republican August Pfluger
50%
Georgia 11 Republican Barry Loudermilk
50%
Vermont At-large Democratic Becca Balint
50%
Texas 24 Republican Beth Van Duyne
50%
Illinois 11 Democratic Bill Foster
50%
New Jersey 12 Democratic Bonnie Watson Coleman
50%
Illinois 10 Democratic Brad Schneider
50%
Colorado 7 Democratic Brittany Pettersen
50%
Arkansas 4 Republican Bruce Westerman
50%
Utah 4 Republican Burgess Owens
50%
Florida 28 Republican Carlos A. Giménez
50%
West Virginia 1 Republican Carol Miller
50%
Texas 21 Republican Chip Roy
50%
New Hampshire 1 Democratic Chris Pappas
50%
Pennsylvania 6 Democratic Chrissy Houlahan
50%
Tennessee 3 Republican Chuck Fleischmann
50%
Illinois 4 Democratic Chuy García
50%
New York 24 Republican Claudia Tenney
50%
Georgia 14 Republican Clay Fuller
50%
Louisiana 3 Republican Clay Higgins
50%
Louisiana 6 Democratic Cleo Fields
50%
Oregon 2 Republican Cliff Bentz
50%
Alabama 5 Republican Dale Strong
50%
Texas 2 Republican Dan Crenshaw
50%
Pennsylvania 9 Republican Dan Meuser
50%
Illinois 7 Democratic Danny Davis
50%
California 48 Republican Darrell Issa
50%
Florida 9 Democratic Darren Soto
50%
North Carolina 7 Republican David Rouzer
50%
Arizona 1 Republican David Schweikert
50%
Ohio 2 Republican David Taylor
50%
California 22 Republican David Valadao
50%
Florida 25 Democratic Debbie Wasserman Schultz
50%
Illinois 3 Democratic Delia Ramirez
50%
Colorado 1 Democratic Diana DeGette
50%
Tennessee 1 Republican Diana Harshbarger
50%
Nevada 1 Democratic Dina Titus
50%
Virginia 8 Democratic Don Beyer
50%
North Carolina 1 Democratic Don Davis
50%
California 7 Democratic Doris Matsui
50%
Pennsylvania 3 Democratic Dwight Evans
50%
Hawaii 1 Democratic Ed Case
50%
Missouri 5 Democratic Emanuel Cleaver
50%
Virginia 7 Democratic Eugene Vindman
50%
Indiana 1 Democratic Frank J. Mrvan
50%
Florida 24 Democratic Frederica Wilson
50%
Arkansas 2 Republican French Hill
50%
Rhode Island 1 Democratic Gabe Amo
50%
Colorado 8 Republican Gabe Evans
50%
New Mexico 2 Democratic Gabe Vasquez
50%
Alabama 6 Republican Gary Palmer
50%
California 27 Democratic George T. Whitesides
50%
Ohio 1 Democratic Greg Landsman
50%
North Carolina 3 Republican Greg Murphy
50%
New York 5 Democratic Gregory Meeks
50%
Arizona 4 Democratic Greg Stanton
50%
Florida 12 Republican Gus Bilirakis
50%
Pennsylvania 14 Republican Guy Reschenthaler
50%
Kentucky 5 Republican Hal Rogers
50%
Michigan 1 Republican Jack Bergman
50%
Connecticut 5 Democratic Jahana Hayes
50%
Kentucky 1 Republican James Comer
50%
Virginia 11 Democratic James Walkinshaw
50%
Maryland 8 Democratic Jamie Raskin
50%
Maine 2 Democratic Jared Golden
50%
California 2 Democratic Jared Huffman
50%
Texas 30 Democratic Jasmine Crockett
50%
Colorado 6 Democratic Jason Crow
50%
California 23 Republican Jay Obernolte
50%
Colorado 5 Republican Jeff Crank
50%
Colorado 3 Republican Jeff Hurd
50%
Virginia 4 Democratic Jennifer McClellan
50%
New York 12 Democratic Jerry Nadler
50%
Hawaii 2 Democratic Jill Tokuda
50%
Indiana 4 Republican Jim Baird
50%
South Carolina 6 Democratic Jim Clyburn
50%
California 21 Democratic Jim Costa
50%
Connecticut 4 Democratic Jim Himes
50%
California 34 Democratic Jimmy Gomez
50%
California 19 Democratic Jimmy Panetta
50%
Florida 1 Republican Jimmy Patronis
50%
Connecticut 2 Democratic Joe Courtney
50%
Colorado 2 Democratic Joe Neguse
50%
South Carolina 2 Republican Joe Wilson
50%
Michigan 10 Republican John James
50%
Virginia 5 Republican John McGuire
50%
Michigan 2 Republican John Moolenaar
50%
Maryland 2 Democratic Johnny Olszewski
50%
Tennessee 6 Republican John Rose
50%
Florida 5 Republican John Rutherford
50%
Oklahoma 2 Republican Josh Brecheen
50%
California 9 Democratic Josh Harder
50%
Ohio 3 Democratic Joyce Beatty
50%
Arizona 6 Republican Juan Ciscomani
50%
California 52 Democratic Juan Vargas
50%
California 28 Democratic Judy Chu
50%
California 26 Democratic Julia Brownley
50%
Louisiana 5 Republican Julia Letlow
50%
North Dakota At-large Republican Julie Fedorchak
50%
Florida 3 Republican Kat Cammack
50%
Florida 14 Democratic Kathy Castor
50%
Minnesota 3 Democratic Kelly Morrison
50%
California 41 Republican Ken Calvert
50%
Oklahoma 1 Republican Kevin Hern
50%
California 3 Independent Kevin Kiley
50%
California 15 Democratic Kevin Mullin
50%
Washington 8 Democratic Kim Schrier
50%
Michigan 8 Democratic Kristen McDonald Rivet
50%
Maryland 7 Democratic Kweisi Mfume
50%
California 12 Democratic Lateefah Simon
50%
Florida 15 Republican Laurel Lee
50%
Illinois 14 Democratic Lauren Underwood
50%
Michigan 9 Republican Lisa McClain
50%
Florida 22 Democratic Lois Frankel
50%
California 46 Democratic Lou Correa
50%
Georgia 6 Democratic Lucy McBath
50%
Ohio 9 Democratic Marcy Kaptur
50%
Iowa 1 Republican Mariannette Miller-Meeks
50%
Washington 3 Democratic Marie Gluesenkamp Perez
50%
Washington 10 Democratic Marilyn Strickland
50%
Florida 26 Republican Mario Díaz-Balart
50%
Nevada 2 Republican Mark Amodei
50%
California 10 Democratic Mark DeSaulnier
50%
North Carolina 8 Republican Mark Harris
50%
Wisconsin 2 Democratic Mark Pocan
50%
California 39 Democratic Mark Takano
50%
Indiana 3 Republican Marlin Stutzman
50%
Illinois 15 Republican Mary Miller
50%
Ohio 7 Republican Max Miller
50%
Washington 5 Republican Michael Baumgartner
50%
Texas 27 Republican Michael Cloud
50%
Mississippi 3 Republican Michael Guest
50%
Texas 10 Republican Michael McCaul
50%
Minnesota 7 Republican Michelle Fischbach
50%
Illinois 12 Republican Mike Bost
50%
Georgia 10 Republican Mike Collins
50%
Mississippi 4 Republican Mike Ezell
50%
Nebraska 1 Republican Mike Flood
50%
Florida 8 Republican Mike Haridopolos
50%
Pennsylvania 16 Republican Mike Kelly
50%
Utah 3 Republican Mike Kennedy
50%
New York 17 Republican Mike Lawler
50%
California 49 Democratic Mike Levin
50%
Alabama 3 Republican Mike Rogers
50%
Idaho 2 Republican Mike Simpson
50%
Texas 15 Republican Monica De La Cruz
50%
Kentucky 3 Democratic Morgan McGarvey
50%
California 44 Democratic Nanette Barragan
50%
Texas 1 Republican Nathaniel Moran
50%
Florida 2 Republican Neal Dunn
50%
New York 1 Republican Nick LaLota
50%
New York 23 Republican Nick Langworthy
50%
Illinois 13 Democratic Nikki Budzinski
50%
New York 7 Democratic Nydia Velázquez
50%
Arizona 9 Republican Paul Gosar
50%
New York 20 Democratic Paul Tonko
50%
Minnesota 8 Republican Pete Stauber
50%
Washington 7 Democratic Pramila Jayapal
50%
Illinois 8 Democratic Raja Krishnamoorthi
50%
California 25 Democratic Raul Ruiz
50%
North Carolina 9 Republican Richard Hudson
50%
Massachusetts 1 Democratic Richard Neal
50%
Georgia 7 Republican Rich McCormick
50%
Georgia 12 Republican Rick Allen
50%
Arkansas 1 Republican Rick Crawford
50%
New York 15 Democratic Ritchie Torres
50%
Pennsylvania 8 Republican Rob Bresnahan
50%
Alabama 4 Republican Robert Aderholt
50%
California 42 Democratic Robert Garcia
50%
Illinois 2 Democratic Robin Kelly
50%
Virginia 1 Republican Rob Wittman
50%
Kansas 4 Republican Ron Estes
50%
Connecticut 3 Democratic Rosa DeLauro
50%
Idaho 1 Republican Russ Fulcher
50%
Pennsylvania 7 Republican Ryan Mackenzie
50%
California 24 Democratic Salud Carbajal
50%
Missouri 6 Republican Sam Graves
50%
Georgia 2 Democratic Sanford Bishop
50%
California 51 Democratic Sara Jacobs
50%
Tennessee 4 Republican Scott DesJarlais
50%
Wisconsin 5 Republican Scott Fitzgerald
50%
California 50 Democratic Scott Peters
50%
Kansas 3 Democratic Sharice Davids
50%
South Carolina 3 Republican Sheri Biggs
50%
Alabama 2 Democratic Shomari Figures
50%
Michigan 13 Democratic Shri Thanedar
50%
Maryland 5 Democratic Steny Hoyer
50%
Oklahoma 5 Republican Stephanie Bice
50%
Massachusetts 8 Democratic Stephen Lynch
50%
Tennessee 9 Democratic Steve Cohen
50%
Nevada 4 Democratic Steven Horsford
50%
Pennsylvania 12 Democratic Summer Lee
50%
Nevada 3 Democratic Susie Lee
50%
Oregon 1 Democratic Suzanne Bonamici
50%
Texas 29 Democratic Sylvia Garcia
50%
California 36 Democratic Ted Lieu
50%
New Mexico 3 Democratic Teresa Leger Fernandez
50%
Alabama 7 Democratic Terri Sewell
50%
New Jersey 7 Republican Thomas Kean Jr.
50%
Kentucky 4 Republican Thomas Massie
50%
New York 26 Democratic Tim Kennedy
50%
California 5 Republican Tom McClintock
50%
Mississippi 1 Republican Trent Kelly
50%
Montana 2 Republican Troy Downing
50%
North Carolina 4 Democratic Valerie Foushee
50%
Florida 16 Republican Vern Buchanan
50%
Texas 16 Democratic Veronica Escobar
50%
Indiana 5 Republican Victoria Spartz
50%
North Carolina 5 Republican Virginia Foxx
50%
Missouri 1 Democratic Wesley Bell
50%
Texas 38 Republican Wesley Hunt
50%
South Carolina 4 Republican William Timmons
50%
New York 9 Democratic Yvette Clarke
50%
Iowa 3 Republican Zach Nunn
50%
California 18 Democratic Zoe Lofgren
50%
California 13 Democratic Adam Gray
33%
North Carolina 6 Republican Addison McDowell
33%
New Jersey 11 Democratic Analilia Mejia
33%
Oregon 6 Democratic Andrea Salinas
33%
New York 2 Republican Andrew Garbarino
33%
Tennessee 5 Republican Andy Ogles
33%
Florida 13 Republican Anna Paulina Luna
33%
Missouri 2 Republican Ann Wagner
33%
Alabama 1 Republican Barry Moore
33%
Minnesota 4 Democratic Betty McCollum
33%
Michigan 4 Republican Bill Huizenga
33%
Massachusetts 9 Democratic Bill Keating
33%
Utah 1 Republican Blake Moore
33%
Ohio 5 Republican Bob Latta
33%
Missouri 3 Republican Bob Onder
33%
Minnesota 1 Republican Brad Finstad
33%
North Carolina 13 Republican Brad Knott
33%
California 32 Democratic Brad Sherman
33%
Texas 26 Republican Brandon Gill
33%
Pennsylvania 2 Democratic Brendan Boyle
33%
Kentucky 2 Republican Brett Guthrie
33%
Texas 36 Republican Brian Babin
33%
Florida 21 Republican Brian Mast
33%
Wisconsin 1 Republican Bryan Steil
33%
Utah 2 Republican Celeste Maloy
33%
Maine 1 Democratic Chellie Pingree
33%
Pennsylvania 17 Democratic Chris Deluzio
33%
Texas 18 Democratic Christian Menefee
33%
North Carolina 11 Republican Chuck Edwards
33%
Florida 7 Republican Cory Mills
33%
Florida 11 Republican Daniel Webster
33%
Illinois 16 Republican Darin LaHood
33%
Tennessee 8 Republican David Kustoff
33%
Michigan 6 Democratic Debbie Dingell
33%
North Carolina 2 Democratic Deborah Ross
33%
Kansas 2 Republican Derek Schmidt
33%
New Jersey 1 Democratic Donald Norcross
33%
New York 21 Republican Elise Stefanik
33%
Ohio 13 Democratic Emilia Sykes
33%
Washington 6 Democratic Emily Randall
33%
Missouri 7 Republican Eric Burlison
33%
Illinois 17 Democratic Eric Sorensen
33%
Indiana 9 Republican Erin Houchin
33%
Oklahoma 3 Republican Frank Lucas
33%
New Jersey 6 Democratic Frank Pallone
33%
New York 16 Democratic George Latimer
33%
Wisconsin 6 Republican Glenn Grothman
33%
Maryland 4 Democratic Glenn Ivey
33%
Texas 35 Democratic Greg Casar
33%
Wisconsin 4 Democratic Gwen Moore
33%
Michigan 11 Democratic Haley Stevens
33%
Texas 28 Democratic Henry Cuellar
33%
Michigan 3 Democratic Hillary Scholten
33%
Texas 6 Republican Jake Ellzey
33%
Oregon 5 Democratic Janelle Bynum
33%
Indiana 6 Republican Jefferson Shreve
33%
Massachusetts 2 Democratic Jim McGovern
33%
Texas 20 Democratic Joaquin Castro
33%
Texas 19 Republican Jodey Arrington
33%
Connecticut 1 Democratic John B. Larson
33%
California 8 Democratic John Garamendi
33%
New York 25 Democratic Joseph Morelle
33%
New York 19 Democratic Josh Riley
33%
Texas 3 Republican Keith Self
33%
New Jersey 10 Democratic LaMonica McIver
33%
Texas 5 Republican Lance Gooden
33%
California 30 Democratic Laura Friedman
33%
New York 4 Democratic Laura Gillen
33%
California 38 Democratic Linda Sánchez
33%
Texas 7 Democratic Lizzie Fletcher
33%
Texas 37 Democratic Lloyd Doggett
33%
Massachusetts 3 Democratic Lori Trahan
33%
California 29 Democratic Luz Rivas
33%
Pennsylvania 4 Democratic Madeleine Dean
33%
New Hampshire 2 Democratic Maggie Goodlander
33%
Texas 33 Democratic Marc Veasey
33%
Florida 27 Republican Maria Elvira Salazar
33%
Missouri 4 Republican Mark Alford
33%
Pennsylvania 5 Democratic Mary Gay Scanlon
33%
Tennessee 7 Republican Matt Van Epps
33%
Oregon 3 Democratic Maxine Dexter
33%
New Mexico 1 Democratic Melanie Stansbury
33%
Ohio 6 Republican Michael Rulli
33%
Ohio 15 Republican Mike Carey
33%
Illinois 5 Democratic Mike Quigley
33%
Ohio 10 Republican Mike Turner
33%
Texas 8 Republican Morgan Luttrell
33%
New Jersey 9 Democratic Nellie Pou
33%
California 35 Democratic Norma Torres
33%
Texas 4 Republican Pat Fallon
33%
North Carolina 10 Republican Pat Harrigan
33%
New York 18 Democratic Pat Ryan
33%
Texas 17 Republican Pete Sessions
33%
South Carolina 5 Republican Ralph Norman
33%
Texas 14 Republican Randy Weber
33%
Washington 2 Democratic Rick Larsen
33%
West Virginia 2 Republican Riley Moore
33%
Indiana 2 Republican Rudy Yakym
33%
South Carolina 7 Republican Russell Fry
33%
California 16 Democratic Sam Liccardo
33%
Maryland 3 Democratic Sarah Elfreth
33%
Florida 18 Republican Scott Franklin
33%
Illinois 6 Democratic Sean Casten
33%
Rhode Island 2 Democratic Seth Magaziner
33%
Massachusetts 6 Democratic Seth Moulton
33%
Arkansas 3 Republican Steve Womack
33%
California 37 Democratic Sydney Kamlager-Dove
33%
Tennessee 2 Republican Tim Burchett
33%
North Carolina 14 Republican Tim Moore
33%
Michigan 5 Republican Tim Walberg
33%
Michigan 7 Republican Tom Barrett
33%
Wisconsin 7 Republican Tom Tiffany
33%
Wisconsin 8 Republican Tony Wied
33%
Kansas 1 Republican Tracey Mann
33%
Ohio 12 Republican Troy Balderson
33%
Oregon 4 Democratic Val Hoyle
33%
Ohio 8 Republican Warren Davidson
33%
California 31 Democratic Gil Cisneros
17%
Illinois 9 Democratic Jan Schakowsky
17%
New York 22 Democratic John Mannion
17%
Indiana 8 Republican Mark Messmer
17%
Washington 1 Democratic Suzan DelBene
17%
No matching quizzes found
Score Distribution
Percent of People with Each Score
Percentile by Number Answered
Your Score History
You have not taken this quiz since the last reset